Carregando...
Mining the Web: Discovering Knowledge from Hypertext Data
Examines low-level machine learning techniques as they relate specifically to the challenges of Web mining. This work focuses on applications that unite infrastructure and analysis to bring machine learning to bear on systematically acquired and stored data.
| Autor principal: | |
|---|---|
| Formato: | Printed Book |
| Publicado em: |
San Francisco
Morgan Kaufmann Publishers/ Elsevier
2005
|
| Assuntos: |
| LEADER | 01103nam a2200169Ia 4500 | ||
|---|---|---|---|
| 999 | |c 26780 |d 26780 | ||
| 020 | |a 9788181478863 | ||
| 082 | |a 005.72 CHA-M | ||
| 100 | |a Soumen Chakrabarti | ||
| 245 | |a Mining the Web: Discovering Knowledge from Hypertext Data | ||
| 260 | |a San Francisco |b Morgan Kaufmann Publishers/ Elsevier |c 2005 | ||
| 300 | |a xviii, 345 pages : illustrations ; 25 cm. | ||
| 505 | |a Crawling the Web -- Web search and information retrieval -- Similarity and clustering -- Supervised learning -- Semisupervised learning -- Social network analysis -- Resource discovery -- The future of Web mining. | ||
| 520 | |a Examines low-level machine learning techniques as they relate specifically to the challenges of Web mining. This work focuses on applications that unite infrastructure and analysis to bring machine learning to bear on systematically acquired and stored data. | ||
| 650 | |a Data mining. Hypertext systems. Web databases. | ||
| 942 | |c BK | ||
| 952 | |0 0 |1 0 |4 0 |6 005_720000000000000_CHAM |7 0 |9 29313 |a DCB |b DCB |d 2015-09-01 |l 0 |o 005.72 CHA-M |p DCB120 |r 2015-09-01 |w 2019-07-19 |y BK | ||